[Event "Aeroflot Open 2011 B"]
[Site "Moscu RUS"]
[Date "2011.02.14"]
[Round "7.49"]
[White "Tseshkovsky, Vitaly"]
[Black "Adamowicz, Katarzyna"]
[Result "1-0"]
[WhiteElo "2528"]
[BlackElo "2103"]
[PlyCount "87"]
[EventDate "2011.02.08"]
[EventType "swiss"]
[EventRounds "9"]
[EventCountry "RUS"]
[Source "lmi"]
[SourceDate "2011.02.08"]

1. e4 e5 2. Nf3 Nc6 3. Bb5 Nf6 4. d3 Bd6 5. Ba4 a6 6. c3 b5 7. Bc2 Be7 8. d4 d6
9. d5 Nb8 10. a4 Bb7 11. axb5 axb5 12. Rxa8 Bxa8 13. Na3 c6 14. dxc6 Bxc6 15.
Qe2 Qb6 16. Bd3 b4 17. Nc4 Qb7 18. Na5 Qc7 19. Nxc6 Nxc6 20. Bd2 bxc3 21. Bxc3
O-O 22. O-O Ra8 23. b4 Nd8 24. Rc1 Ne6 25. g3 Qb7 26. Nd2 Rd8 27. Rb1 Qc8 28.
Ba1 Ng5 29. h4 Ne6 30. Nc4 g6 31. Na5 Nd7 32. Bb2 Qa8 33. Ra1 Nd4 34. Qd1 Rc8
35. b5 Rc7 36. Nc6 Qe8 37. Nxd4 exd4 38. Bxd4 Bf6 39. b6 Rb7 40. Bb5 Qxe4 41.
Bxf6 Nxf6 42. Qxd6 Qe7 43. Qxe7 Rxe7 44. Bc6 1-0

[Event "Aeroflot Open 2011 B"]
[Site "Moscu RUS"]
[Date "2011.02.14"]
[Round "7.50"]
[White "Kovanova, Baira"]
[Black "Mansour, Sameer"]
[Result "0-1"]
[WhiteElo "2391"]
[BlackElo "2318"]
[PlyCount "116"]
[EventDate "2011.02.08"]
[EventType "swiss"]
[EventRounds "9"]
[EventCountry "RUS"]
[Source "lmi"]
[SourceDate "2011.02.08"]

1. e4 c5 2. Nf3 g6 3. d4 cxd4 4. Nxd4 Nc6 5. c4 Bg7 6. Be3 Nf6 7. Nc3 d6 8. Be2
O-O 9. O-O Bd7 10. Qd2 Nxd4 11. Bxd4 Bc6 12. f3 a5 13. b3 Nd7 14. Be3 Nc5 15.
Rab1 Qb6 16. Rfc1 Rfc8 17. Kh1 h5 18. Bd1 Qd8 19. a3 Kh7 20. b4 axb4 21. axb4
Ne6 22. Nd5 Ra3 23. f4 Bh6 24. Bb3 Nf8 25. Rf1 Nd7 26. f5 Bg7 27. c5 dxc5 28.
fxg6+ fxg6 29. Rf7 Bxd5 30. exd5 Rxb3 31. Rxb3 Kg8 32. Rf1 c4 33. Rbb1 Nf6 34.
Rbd1 Ng4 35. Bf4 c3 36. Qc2 Kh7 37. h3 Nf6 38. Be5 Qg8 39. Bxf6 Bxf6 40. d6 Qd8
41. Rd3 Qd7 42. Rd5 Kg7 43. Rfd1 exd6 44. Rxd6 Qf5 45. R6d3 Rc4 46. Qe2 Re4 47.
Rd7+ Kh6 48. Qd3 Rxb4 49. Qd6 Rb1 50. Qc7 Rxd1+ 51. Rxd1 Be5 52. Qc5 c2 53. Rg1
Qf4 54. g3 Qe4+ 55. Kh2 h4 56. Qf8+ Kh5 57. Rf1 hxg3+ 58. Kg1 Bd4+ 0-1

[Event "Aeroflot Open 2011 B"]
[Site "Moscu RUS"]
[Date "2011.02.14"]
[Round "7.51"]
[White "Charochkina, Daria"]
[Black "Oganisjn, Roman"]
[Result "0-1"]
[WhiteElo "2314"]
[BlackElo "2293"]
[PlyCount "76"]
[EventDate "2011.02.08"]
[EventType "swiss"]
[EventRounds "9"]
[EventCountry "RUS"]
[Source "lmi"]
[SourceDate "2011.02.08"]

1. d4 Nf6 2. c4 c5 3. d5 e5 4. Nc3 d6 5. e4 Be7 6. g3 O-O 7. Bg2 Na6 8. Nge2
Nc7 9. O-O Nd7 10. f4 a6 11. a4 Rb8 12. Qd3 Bf6 13. Be3 Re8 14. Rab1 b5 15.
axb5 axb5 16. Nxb5 Nxb5 17. cxb5 Qa5 18. Nc3 Qb4 19. Rf2 Nb6 20. f5 Bd7 21. b3
Ra8 22. Bf1 Ra3 23. Rfb2 Rea8 24. Qc2 Bd8 25. Na2 Rxa2 26. Rxa2 Rxa2 27. Qxa2
Qxe4 28. Bf2 Bxf5 29. Rd1 Qc2 30. Ra1 Kf8 31. Qa7 Qxb3 32. Ra6 Qf3 33. Qb8 Ke7
34. Ra7+ Bd7 35. Ra8 Nc8 36. Qb7 e4 37. Ra4 f5 38. Ra2 Bb6 0-1

[Event "Aeroflot Open 2011 B"]
[Site "Moscu RUS"]
[Date "2011.02.14"]
[Round "7.52"]
[White "Berube, Antoine"]
[Black "Hernandez, Alexander"]
[Result "0-1"]
[WhiteElo "2146"]
[BlackElo "2285"]
[PlyCount "46"]
[EventDate "2011.02.08"]
[EventType "swiss"]
[EventRounds "9"]
[EventCountry "RUS"]
[Source "lmi"]
[SourceDate "2011.02.08"]

1. d4 Nf6 2. c4 e6 3. Nc3 Bb4 4. Nf3 b6 5. Bg5 Bb7 6. Nd2 h6 7. Bh4 Nc6 8. e3
Bxc3 9. bxc3 g5 10. Bg3 d6 11. h4 g4 12. h5 Ne7 13. Bh4 Nf5 14. Bxf6 Qxf6 15.
Qxg4 O-O-O 16. Qh3 Rhg8 17. Rg1 Kb8 18. Bd3 Ne7 19. f3 d5 20. Kf2 e5 21. cxd5
exd4 22. cxd4 Nxd5 23. Rge1 Nf4 0-1

[Event "Aeroflot Open 2011 B"]
[Site "Moscu RUS"]
[Date "2011.02.14"]
[Round "7.53"]
[White "Saduakassova, Dinara"]
[Black "Zhelesny, Stanislav"]
[Result "1-0"]
[WhiteElo "2225"]
[BlackElo "2146"]
[PlyCount "131"]
[EventDate "2011.02.08"]
[EventType "swiss"]
[EventRounds "9"]
[EventCountry "RUS"]
[Source "lmi"]
[SourceDate "2011.02.08"]

1. e4 c6 2. c4 d5 3. cxd5 cxd5 4. exd5 Qxd5 5. Nc3 Qd8 6. d4 Nf6 7. Nf3 e6 8.
Bd3 Be7 9. O-O Nc6 10. a3 a6 11. Be3 Bd6 12. Re1 Ne7 13. Bg5 h6 14. Bxf6 gxf6
15. Ne4 Nd5 16. Bc4 Be7 17. Bxd5 Qxd5 18. Nc3 Qd6 19. d5 Kf8 20. Qb3 exd5 21.
Qxd5 Be6 22. Qe4 f5 23. Qe2 Bf6 24. Rac1 Rg8 25. Rcd1 Qc6 26. Qe3 Rg6 27. Rc1
Re8 28. Ne2 Bc4 29. Qf4 Re4 30. Qxf5 Bxb2 31. Ng3 Rxe1+ 32. Rxe1 Be6 33. Qb1
Bf6 34. Qb4+ Be7 35. Qd2 Qd5 36. Qc3 Bf6 37. Ne5 Kg7 38. Nh5+ Kh7 39. Nxf6+
Rxf6 40. Ng4 Rf4 41. Nf6+ Rxf6 42. Qxf6 Qb3 43. Qa1 b5 44. Qb1+ Qxb1 45. Rxb1
Kg6 46. f3 Kf5 47. Kf2 Ke5 48. Ke3 Bc4 49. f4+ Kd5 50. g4 a5 51. h4 f6 52. h5
Ke6 53. Rc1 Bd5 54. Rc5 b4 55. Rxa5 bxa3 56. Rxa3 Kf7 57. Ra7+ Kg8 58. Ra3 Kg7
59. Kd4 Be6 60. Rg3 Bf7 61. Kc5 Bg8 62. Kd6 Bc4 63. Re3 Kf8 64. Re7 Kg8 65. Re4
Bb3 66. Ke7 1-0

[Event "Aeroflot Open 2011 B"]
[Site "Moscu RUS"]
[Date "2011.02.15"]
[Round "8.1"]
[White "Rogozenco, Dorian"]
[Black "Laylo, Darwin"]
[Result "1/2-1/2"]
[WhiteElo "2534"]
[BlackElo "2516"]
[PlyCount "53"]
[EventDate "2011.02.08"]
[EventType "swiss"]
[EventRounds "9"]
[EventCountry "RUS"]
[Source "lmi"]
[SourceDate "2011.02.08"]

1. d4 Nf6 2. c4 g6 3. Nc3 d5 4. Bg5 Ne4 5. Bh4 c5 6. cxd5 Nxc3 7. bxc3 Qxd5 8.
e3 Bg7 9. Nf3 Nc6 10. Be2 cxd4 11. cxd4 O-O 12. O-O Bf5 13. Nd2 e5 14. Bf3 Qa5
15. d5 e4 16. Nxe4 Bxa1 17. dxc6 Bxe4 18. Bxe4 Rae8 19. Bf3 Be5 20. cxb7 Qxa2
21. Bc6 Rb8 22. f4 Bf6 23. Bxf6 Qe6 24. Be5 Qxc6 25. Bxb8 Rxb8 26. Qd4 Qxb7 27.
Ra1 1/2-1/2

[Event "Aeroflot Open 2011 B"]
[Site "Moscu RUS"]
[Date "2011.02.15"]
[Round "8.2"]
[White "Kotanjian, Tigran"]
[Black "Belous, Vladimir"]
[Result "1-0"]
[WhiteElo "2519"]
[BlackElo "2497"]
[PlyCount "113"]
[EventDate "2011.02.08"]
[EventType "swiss"]
[EventRounds "9"]
[EventCountry "RUS"]
[Source "lmi"]
[SourceDate "2011.02.08"]

1. d4 c5 2. d5 d6 3. c4 g6 4. e4 Bg7 5. Nc3 e6 6. Bd3 exd5 7. Nxd5 Nf6 8. Nc3
O-O 9. Nge2 Nc6 10. O-O Ng4 11. Bf4 Nge5 12. b3 a6 13. Rc1 Be6 14. Bb1 Rb8 15.
Qd2 b5 16. cxb5 axb5 17. Bg5 f6 18. Bh4 b4 19. Nd5 Nf7 20. f4 Bg4 21. Kh1 Nh6
22. h3 Bxe2 23. Qxe2 Qe8 24. Qc4 Kh8 25. Rcd1 Nd4 26. Bf2 Nb5 27. f5 Nf7 28.
Bd3 Qe5 29. Bg1 Na3 30. Qc1 Bh6 31. Be3 Bxe3 32. Nxe3 Qg3 33. fxg6 hxg6 34. Ng4
Kg7 35. Rxf6 Rh8 36. Qf4 Qxf4 37. Rxf4 Ne5 38. Be2 Rhd8 39. Rd5 Nf7 40. Bd3 Re8
41. Kg1 Re7 42. h4 Nb5 43. Bxb5 Rxb5 44. h5 gxh5 45. Rxh5 Ra5 46. Ne3 Re6 47.
Nf5+ Kg6 48. Rh3 Kg5 49. Rf2 Ne5 50. Ng7 Rg6 51. Rf5+ Kg4 52. Kh2 Rxg7 53. Rg3+
Kh4 54. Rxg7 Rxa2 55. Rf4+ Kh5 56. Kh3 Kh6 57. Rg3 1-0

[Event "Aeroflot Open 2011 B"]
[Site "Moscu RUS"]
[Date "2011.02.15"]
[Round "8.4"]
[White "Gavrilov, Alexei"]
[Black "Shimanov, Aleksandr"]
[Result "1-0"]
[WhiteElo "2484"]
[BlackElo "2520"]
[PlyCount "101"]
[EventDate "2011.02.08"]
[EventType "swiss"]
[EventRounds "9"]
[EventCountry "RUS"]
[Source "lmi"]
[SourceDate "2011.02.08"]

1. d4 Nf6 2. c4 g6 3. Nc3 Bg7 4. e4 O-O 5. Nf3 d6 6. Be2 e5 7. Be3 Na6 8. O-O
c6 9. Re1 Ng4 10. Bg5 f6 11. Bh4 Qe8 12. c5 dxc5 13. dxe5 Nxe5 14. Nxe5 Qxe5
15. Bxa6 bxa6 16. Qa4 f5 17. Qxc6 Rb8 18. exf5 Qxf5 19. Nd5 Kh8 20. Ne7 Qd7 21.
Qxc5 Rxb2 22. Rad1 Qb5 23. Qc7 Bb7 24. Rd8 g5 25. Bg3 Re2 26. Rxf8+ Bxf8 27.
Be5+ Rxe5 28. Qxe5+ Qxe5 29. Rxe5 Kg7 30. Nd5 h6 31. Ne3 Kf7 32. Rf5+ Kg7 33.
g4 Bb4 34. Re5 Kf6 35. Re8 Bc5 36. Rh8 Kg7 37. Rd8 Bf3 38. h3 Kg6 39. Nc4 Be2
40. Rc8 Bd4 41. Rc6+ Kh7 42. Rxa6 h5 43. Rd6 Bc3 44. Ne3 hxg4 45. hxg4 a6 46.
Kg2 Be5 47. Rd7+ Kg6 48. a4 Bf4 49. Nd5 Bb8 50. Rb7 Be5 51. Re7 1-0

[Event "Aeroflot Open 2011 B"]
[Site "Moscu RUS"]
[Date "2011.02.15"]
[Round "8.5"]
[White "Nakhapetiane, Pogos"]
[Black "Gundavaa, Bayarsaikhan"]
[Result "1-0"]
[WhiteElo "2469"]
[BlackElo "2493"]
[PlyCount "65"]
[EventDate "2011.02.08"]
[EventType "swiss"]
[EventRounds "9"]
[EventCountry "RUS"]
[Source "lmi"]
[SourceDate "2011.02.08"]

1. e4 c5 2. Nf3 d6 3. d4 cxd4 4. Nxd4 Nf6 5. Nc3 a6 6. h3 e6 7. g4 Be7 8. Bg2
Nfd7 9. Be3 Nc6 10. Qd2 O-O 11. O-O-O Nde5 12. b3 Nxd4 13. Bxd4 Ng6 14. Kb1 e5
15. Be3 Be6 16. g5 Nh4 17. Bf1 Rc8 18. Nd5 Bxd5 19. Qxd5 Qc7 20. c4 Kh8 21. Rg1
b5 22. Be2 b4 23. Rg4 Ng6 24. h4 Nf4 25. Bxf4 exf4 26. Rxf4 f6 27. g6 Qa7 28.
gxh7 f5 29. Rxf5 Rxf5 30. Qxf5 Rf8 31. Qe6 Bf6 32. c5 Qxc5 33. Bc4 1-0

[Event "Aeroflot Open 2011 B"]
[Site "Moscu RUS"]
[Date "2011.02.15"]
[Round "8.6"]
[White "Lenderman, Aleksandr"]
[Black "Smirnov, Pavel"]
[Result "0-1"]
[WhiteElo "2549"]
[BlackElo "2523"]
[PlyCount "112"]
[EventDate "2011.02.08"]
[EventType "swiss"]
[EventRounds "9"]
[EventCountry "RUS"]
[Source "lmi"]
[SourceDate "2011.02.08"]

1. d4 Nf6 2. c4 e6 3. g3 d5 4. Nf3 dxc4 5. Bg2 Bb4+ 6. Bd2 a5 7. O-O O-O 8.
Bxb4 axb4 9. Ne5 Nc6 10. Nxc6 bxc6 11. Bxc6 Ra6 12. Bg2 Qd6 13. Nd2 Qxd4 14.
Qc2 c3 15. Nb3 Qa7 16. bxc3 bxc3 17. Qxc3 Rxa2 18. Nd4 Rxa1 19. Rxa1 Qb6 20.
Rc1 Bd7 21. Qc5 Rc8 22. e4 Qxc5 23. Rxc5 Be8 24. e5 Nd7 25. Ra5 Nb6 26. Nc6 Kf8
27. Ra1 Nd5 28. Rc1 Bxc6 29. Rxc6 Ke7 30. Rc5 c6 31. f4 Kd7 32. Ra5 c5 33. Kf2
Kc6 34. Ra7 Rc7 35. Ra8 c4 36. Rh8 Kc5 37. Be4 Kd4 38. Kf3 Ra7 39. Bb1 Rb7 40.
Ba2 c3 41. Rc8 Rb2 42. Bxd5 exd5 43. f5 Rb6 44. Ke2 Rb7 45. e6 fxe6 46. fxe6
Re7 47. Rc6 h5 48. Kf3 Re8 49. Kf4 Kd3 50. Ke5 d4 51. Kd6 c2 52. Kd7 Ra8 53. e7
Kd2 54. Ra6 Rxa6 55. e8=Q c1=Q 56. Qe4 Ra7+ 0-1

[Event "Aeroflot Open 2011 B"]
[Site "Moscu RUS"]
[Date "2011.02.15"]
[Round "8.8"]
[White "Pavlov, Sergey"]
[Black "Bogdanovich, Stanislav"]
[Result "1/2-1/2"]
[WhiteElo "2530"]
[BlackElo "2484"]
[PlyCount "91"]
[EventDate "2011.02.08"]
[EventType "swiss"]
[EventRounds "9"]
[EventCountry "RUS"]
[Source "lmi"]
[SourceDate "2011.02.08"]

1. e4 e5 2. Nf3 Nc6 3. Bb5 a6 4. Ba4 Nf6 5. d3 d6 6. c4 Bd7 7. Nc3 g6 8. h3 Bg7
9. Be3 O-O 10. Qd2 Nh5 11. g4 Nf4 12. Bxf4 exf4 13. d4 f5 14. exf5 gxf5 15. Bc2
Na5 16. b3 c5 17. O-O-O Nc6 18. Bxf5 Bxf5 19. gxf5 Nxd4 20. Nxd4 Bxd4 21. Rhg1+
Kh8 22. Ne2 Be5 23. Nxf4 Qd7 24. Ne6 Rxf5 25. Nxc5 Qf7 26. Nd3 Bg7 27. Rg4 Qf6
28. Kc2 Re8 29. Re1 Rf8 30. Rge4 d5 31. Re8 dxc4 32. bxc4 Qc6 33. Rxf8+ Rxf8
34. Qb4 b5 35. Qc5 Qf6 36. cxb5 Qf7 37. bxa6 Qxa2+ 38. Kd1 Qb1+ 39. Kd2 Qa2+
40. Kd1 Qxa6 41. Re3 Rc8 42. Qf5 Rf8 43. Qd7 Bh6 44. Re8 Qxd3+ 45. Qxd3 Rxe8
46. Qd7 1/2-1/2

[Event "Aeroflot Open 2011 B"]
[Site "Moscu RUS"]
[Date "2011.02.15"]
[Round "8.9"]
[White "Petrosian, Davit G"]
[Black "Gomez, John Paul"]
[Result "1-0"]
[WhiteElo "2485"]
[BlackElo "2527"]
[PlyCount "81"]
[EventDate "2011.02.08"]
[EventType "swiss"]
[EventRounds "9"]
[EventCountry "RUS"]
[Source "lmi"]
[SourceDate "2011.02.08"]

1. e4 c5 2. Nf3 g6 3. d4 cxd4 4. Nxd4 Nc6 5. Nc3 Bg7 6. Be3 Nf6 7. Bc4 O-O 8.
Bb3 d6 9. f3 Nxd4 10. Bxd4 Be6 11. Qd2 Qa5 12. O-O-O b5 13. Kb1 b4 14. Nd5 Bxd5
15. exd5 Qb5 16. Rhe1 a5 17. Qe2 Qxe2 18. Rxe2 a4 19. Bc4 Rfc8 20. b3 Rc7 21.
g4 Kf8 22. Bb5 axb3 23. cxb3 Rb8 24. Ba4 Ne8 25. Bxg7+ Kxg7 26. Rd4 Nf6 27. g5
Nh5 28. Ree4 Rc3 29. Rxb4 Rxb4 30. Rxb4 Rxf3 31. Rc4 f5 32. gxf6+ exf6 33. b4
Nf4 34. Bc6 Nd3 35. b5 Rf2 36. Rc3 Rf1+ 37. Kc2 Nb4+ 38. Kb2 Rf2+ 39. Kb3 Nxa2
40. Rc4 Rxh2 41. b6 1-0

[Event "Aeroflot Open 2011 B"]
[Site "Moscu RUS"]
[Date "2011.02.15"]
[Round "8.10"]
[White "Predke, Alexandr"]
[Black "Iljushin, Alexei"]
[Result "1/2-1/2"]
[WhiteElo "2415"]
[BlackElo "2527"]
[PlyCount "62"]
[EventDate "2011.02.08"]
[EventType "swiss"]
[EventRounds "9"]
[EventCountry "RUS"]
[Source "lmi"]
[SourceDate "2011.02.08"]

1. e4 e5 2. Nf3 Nc6 3. Bb5 Nf6 4. O-O Nxe4 5. Re1 Nd6 6. Nxe5 Nxe5 7. Rxe5+ Be7
8. Bf1 O-O 9. d4 Bf6 10. Re1 Nf5 11. d5 d6 12. Nd2 g6 13. a4 Bg7 14. Ra3 Bd7
15. Ne4 a5 16. c4 b6 17. b3 Nh6 18. Ra2 f6 19. Rae2 Nf7 20. Bb2 g5 21. f3 Ne5
22. Qd2 h6 23. Ng3 Qe8 24. f4 gxf4 25. Qxf4 Qg6 26. Rf2 Rae8 27. Rd1 f5 28. Be2
Qg5 29. Nh5 Bh8 30. Bc1 Qxf4 31. Nxf4 Re7 1/2-1/2

[Event "Aeroflot Open 2011 B"]
[Site "Moscu RUS"]
[Date "2011.02.15"]
[Round "8.11"]
[White "Stupak, Kirill"]
[Black "Reshetnikov, Alexey"]
[Result "0-1"]
[WhiteElo "2527"]
[BlackElo "2478"]
[PlyCount "102"]
[EventDate "2011.02.08"]
[EventType "swiss"]
[EventRounds "9"]
[EventCountry "RUS"]
[Source "lmi"]
[SourceDate "2011.02.08"]

1. d4 d5 2. Nf3 Nf6 3. c4 c6 4. Nc3 dxc4 5. a4 e6 6. g3 c5 7. dxc5 Qxd1+ 8.
Nxd1 Na6 9. Bg2 Nxc5 10. O-O b6 11. Ne5 Bb7 12. Bxb7 Nxb7 13. Nxc4 Rc8 14. Nde3
Bb4 15. b3 Ne4 16. Nc2 Bc3 17. Ra2 Nbc5 18. N2e3 Nxb3 19. Ba3 Bd4 20. Bb4 Bc5
21. Bxc5 Rxc5 22. Rb2 Na5 23. Nxa5 Rxa5 24. Rc1 O-O 25. Rb4 Nc5 26. Ra1 Rc8 27.
Kg2 Nb7 28. Rd1 Rac5 29. Rbd4 Kf8 30. f4 Ke8 31. f5 exf5 32. Rd7 R8c7 33. Rxc7
Rxc7 34. Nxf5 g6 35. Ne3 Nc5 36. Nd5 Rc6 37. Nc3 Ke7 38. Nd5+ Ke6 39. Nc3 Rd6
40. Ra1 Rd4 41. Kf3 Rc4 42. Ra3 f5 43. Ke3 h5 44. Nb5 a6 45. Nc3 h4 46. Kd2
hxg3 47. hxg3 Rg4 48. Kc2 a5 49. Ra1 Na6 50. Rg1 Nb4+ 51. Kb3 Nd5 0-1

[Event "Aeroflot Open 2011 B"]
[Site "Moscu RUS"]
[Date "2011.02.15"]
[Round "8.12"]
[White "Xu, Jun"]
[Black "Obolenskikh, Dmitry"]
[Result "1/2-1/2"]
[WhiteElo "2494"]
[BlackElo "2567"]
[PlyCount "219"]
[EventDate "2011.02.08"]
[EventType "swiss"]
[EventRounds "9"]
[EventCountry "RUS"]
[Source "lmi"]
[SourceDate "2011.02.08"]

1. Nf3 d5 2. d4 Nf6 3. c4 c6 4. Nc3 e6 5. Bg5 Nbd7 6. cxd5 exd5 7. e3 Be7 8.
Qc2 O-O 9. Bd3 Re8 10. O-O Nf8 11. Rae1 Be6 12. Ne5 N6d7 13. Bxe7 Qxe7 14. f4
f6 15. Nf3 Rac8 16. f5 Bf7 17. g4 a6 18. Qg2 h6 19. h4 Nh7 20. Qg3 c5 21. Kh2
b5 22. a3 Nb6 23. e4 cxd4 24. Nxd5 Nxd5 25. exd5 Qc5 26. d6 Rxe1 27. Rxe1 Rd8
28. Qf4 b4 29. Rc1 Qb6 30. Qxd4 Qxd6+ 31. Qxd6 Rxd6 32. Be2 bxa3 33. bxa3 h5
34. g5 g6 35. Rc8+ Nf8 36. fxg6 Bxg6 37. Kg3 Bd3 38. Bxd3 Rxd3 39. gxf6 Rd6 40.
Ne5 Rxf6 41. Nd7 Rf7 42. Nc5 Rf5 43. a4 Kf7 44. Rc7+ Kf6 45. Nxa6 Ra5 46. Rc6+
Kf7 47. Nc5 Ke7 48. Kf3 Ng6 49. Ke4 Nxh4 50. Kd5 Nf3 51. Re6+ Kf7 52. Re3 Ng5
53. Kc6 Ne6 54. Nxe6 Rxa4 55. Kd5 Kg6 56. Ke5 h4 57. Re1 Ra5+ 58. Kf4 Ra4+ 59.
Kf3 Kf5 60. Ng7+ Kg5 61. Ne6+ Kf5 62. Nc5 Ra3+ 63. Kg2 Ra2+ 64. Kh3 Ra5 65.
Rf1+ Ke5 66. Nd3+ Ke4 67. Nf2+ Kd4 68. Kxh4 Rf5 69. Kg3 Rf8 70. Rd1+ Kc3 71.
Ne4+ Kc4 72. Kg4 Rg8+ 73. Kf4 Rh8 74. Nf6 Rh4+ 75. Ke5 Rh2 76. Ra1 Rh3 77. Ra8
Rh1 78. Rc8+ Kd3 79. Kd5 Ra1 80. Ne4 Ra5+ 81. Nc5+ Ke3 82. Re8+ Kf4 83. Kd4 Kf5
84. Rf8+ Kg4 85. Rf7 Ra1 86. Rf8 Ra5 87. Ne6 Ra1 88. Kd3 Rd1+ 89. Ke2 Rd5 90.
Rf4+ Kh5 91. Kf3 Kg6 92. Rg4+ Kf6 93. Nd4 Ke5 94. Ke3 Rd7 95. Rg5+ Kf6 96. Ra5
Rh7 97. Nf5 Rh1 98. Ng3 Rb1 99. Kf4 Ke6 100. Re5+ Kd6 101. Ne4+ Kc6 102. Rc5+
Kb6 103. Rc8 Rh1 104. Ke5 Kb5 105. Rc2 Rh5+ 106. Kd4 Rh4 107. Rc8 Kb6 108. Rc1
Kb5 109. Rc8 Kb6 110. Rc1 1/2-1/2

[Event "Aeroflot Open 2011 B"]
[Site "Moscu RUS"]
[Date "2011.02.15"]
[Round "8.14"]
[White "Barbosa, Oliver"]
[Black "Shaposhnikov, Evgeny"]
[Result "1/2-1/2"]
[WhiteElo "2293"]
[BlackElo "2549"]
[PlyCount "47"]
[EventDate "2011.02.08"]
[EventType "swiss"]
[EventRounds "9"]
[EventCountry "RUS"]
[Source "lmi"]
[SourceDate "2011.02.08"]

1. d4 Nf6 2. c4 e6 3. g3 Bb4+ 4. Bd2 Be7 5. Bg2 O-O 6. Nf3 c5 7. O-O cxd4 8.
Nxd4 d5 9. cxd5 exd5 10. Nc3 Nc6 11. Bf4 Bg4 12. Rc1 Rc8 13. h3 Be6 14. Kh2 a6
15. Qd3 Nxd4 16. Qxd4 b5 17. Nxd5 Nxd5 18. Rxc8 Qxc8 19. Bxd5 Bf6 20. Be5 Rd8
21. e4 Bxe5 22. Qxe5 Bxd5 23. exd5 Qc5 24. Kg2 1/2-1/2

[Event "Aeroflot Open 2011 B"]
[Site "Moscu RUS"]
[Date "2011.02.15"]
[Round "8.15"]
[White "Bitoon, Richard"]
[Black "Ulibin, Mikhail"]
[Result "1-0"]
[WhiteElo "2461"]
[BlackElo "2547"]
[PlyCount "45"]
[EventDate "2011.02.08"]
[EventType "swiss"]
[EventRounds "9"]
[EventCountry "RUS"]
[Source "lmi"]
[SourceDate "2011.02.08"]

1. e4 c5 2. Nf3 e6 3. d4 cxd4 4. Nxd4 Nf6 5. Nc3 d6 6. Be3 Be7 7. g4 h6 8. Rg1
a6 9. Qd2 b5 10. Bd3 g5 11. O-O-O Nfd7 12. Kb1 Ne5 13. h4 Bb7 14. hxg5 hxg5 15.
Rh1 Rg8 16. f3 Nbd7 17. Rh7 Qa5 18. a3 Bf6 19. Be2 Qd8 20. Nxe6 fxe6 21. Qxd6
Be7 22. Qxe6 Rf8 23. Bb6 1-0

[Event "Aeroflot Open 2011 B"]
[Site "Moscu RUS"]
[Date "2011.02.15"]
[Round "8.16"]
[White "Gabrielian, Artur"]
[Black "Sharavdorj, Dashzegve"]
[Result "1-0"]
[WhiteElo "2543"]
[BlackElo "2452"]
[PlyCount "80"]
[EventDate "2011.02.08"]
[EventType "swiss"]
[EventRounds "9"]
[EventCountry "RUS"]
[Source "lmi"]
[SourceDate "2011.02.08"]

1. e4 e6 2. d4 d5 3. Nc3 Nf6 4. e5 Nfd7 5. f4 c5 6. Nf3 Nc6 7. Be3 cxd4 8. Nxd4
Bc5 9. Qd2 O-O 10. O-O-O a6 11. Qf2 Bxd4 12. Bxd4 b5 13. Be3 Qc7 14. Kb1 Bb7
15. Bd3 f6 16. exf6 Nxf6 17. Rhe1 e5 18. Bb6 Qb8 19. Bc5 Re8 20. Bf5 exf4 21.
Nxd5 Nxd5 22. Rxd5 Rxe1+ 23. Qxe1 Qe8 24. Qh4 h6 25. Qxf4 Qe1+ 26. Qc1 Re8 27.
Rd1 Qe5 28. Bd7 Rd8 29. Bb6 Rf8 30. Qe3 Rf6 31. Bh3 Qxh2 32. Qe8+ Kh7 33. Qe4+
Kg8 34. b3 Qb8 35. Rd7 Bc8 36. Be6+ Kh8 37. Qxc6 Bxd7 38. Qxd7 Rf8 39. Bd4 Qg3
40. Bg4 Rg8 1-0

[Event "Aeroflot Open 2011 B"]
[Site "Moscu RUS"]
[Date "2011.02.15"]
[Round "8.17"]
[White "Feuerstack, Aljoscha"]
[Black "Panarin, Mikhail"]
[Result "1/2-1/2"]
[WhiteElo "2404"]
[BlackElo "2533"]
[PlyCount "25"]
[EventDate "2011.02.08"]
[EventType "swiss"]
[EventRounds "9"]
[EventCountry "RUS"]
[Source "lmi"]
[SourceDate "2011.02.08"]

1. e4 c6 2. Nc3 d5 3. Nf3 Bg4 4. h3 Bxf3 5. Qxf3 e6 6. Be2 Nd7 7. O-O Ngf6 8.
d4 dxe4 9. Nxe4 Nxe4 10. Qxe4 Nf6 11. Qd3 Bd6 12. Bf3 O-O 13. Rd1 1/2-1/2

[Event "Aeroflot Open 2011 B"]
[Site "Moscu RUS"]
[Date "2011.02.15"]
[Round "8.18"]
[White "Durarbeyli, Vasif"]
[Black "Sieciechowicz, Marcin"]
[Result "1-0"]
[WhiteElo "2504"]
[BlackElo "2441"]
[PlyCount "67"]
[EventDate "2011.02.08"]
[EventType "swiss"]
[EventRounds "9"]
[EventCountry "RUS"]
[Source "lmi"]
[SourceDate "2011.02.08"]

1. e4 c5 2. Nc3 d6 3. Nge2 a6 4. g3 Nc6 5. Bg2 g6 6. d4 cxd4 7. Nxd4 Bg7 8. Be3
Bd7 9. Nd5 Rb8 10. Ne2 b5 11. c3 Nf6 12. Nxf6+ Bxf6 13. Bh6 Ne5 14. h3 Qc8 15.
Nf4 Nc4 16. Nd5 Rg8 17. b3 Be5 18. bxc4 e6 19. f4 Bh8 20. Ne3 Bxc3+ 21. Kf2 Qc5
22. cxb5 Bd4 23. Re1 Rxb5 24. Qf3 f5 25. Rac1 Qb6 26. exf5 gxf5 27. Kg1 Rb2 28.
Kh1 Rxa2 29. Rb1 Qa5 30. Qh5+ Kd8 31. Rec1 Bc5 32. Qf7 Rxg2 33. Qxg8+ Kc7 34.
Qb8+ 1-0

[Event "Aeroflot Open 2011 B"]
[Site "Moscu RUS"]
[Date "2011.02.15"]
[Round "8.19"]
[White "Lushenkov, Mikhail"]
[Black "Ismagambetov, Anuar"]
[Result "0-1"]
[WhiteElo "2451"]
[BlackElo "2499"]
[PlyCount "88"]
[EventDate "2011.02.08"]
[EventType "swiss"]
[EventRounds "9"]
[EventCountry "RUS"]
[Source "lmi"]
[SourceDate "2011.02.08"]

1. Nf3 Nf6 2. c4 e6 3. g3 d5 4. b3 c5 5. Bg2 Nc6 6. O-O d4 7. e3 Be7 8. exd4
cxd4 9. Re1 Nd7 10. d3 O-O 11. Ba3 a5 12. Bxe7 Qxe7 13. Nbd2 e5 14. a3 Re8 15.
Qc2 Qf8 16. Nh4 Rb8 17. Ne4 Nc5 18. Nxc5 Qxc5 19. f4 Bd7 20. f5 g5 21. Nf3 f6
22. Nd2 Bxf5 23. Rf1 Ne7 24. Be4 Qc8 25. Bxf5 Nxf5 26. Ne4 Rf8 27. Qd2 Qe6 28.
Qxa5 Ne3 29. Rf2 b6 30. Qa7 Rbe8 31. Qc7 f5 32. Nxg5 Qg6 33. Nf3 Ng4 34. Nh4
Qe6 35. Rxf5 Rxf5 36. Nxf5 Qxf5 37. Rf1 Qe6 38. a4 Ne3 39. Rf2 Ng4 40. Rf3 e4
41. dxe4 Ne5 42. Rf1 d3 43. a5 d2 44. Qxb6 Nf3+ 0-1

[Event "Aeroflot Open 2011 B"]
[Site "Moscu RUS"]
[Date "2011.02.15"]
[Round "8.20"]
[White "Abbasifar, Hasan"]
[Black "Zhao, Xue"]
[Result "0-1"]
[WhiteElo "2411"]
[BlackElo "2494"]
[PlyCount "80"]
[EventDate "2011.02.08"]
[EventType "swiss"]
[EventRounds "9"]
[EventCountry "RUS"]
[Source "lmi"]
[SourceDate "2011.02.08"]

1. e4 e5 2. Nf3 Nc6 3. Bc4 Bc5 4. c3 Nf6 5. d3 O-O 6. b4 Bb6 7. O-O d6 8. a4 a6
9. Nbd2 Ne7 10. Bb3 c6 11. Nc4 Bc7 12. a5 Ng6 13. Be3 Be6 14. Nb6 Rb8 15. h3 h6
16. Re1 Kh7 17. Ra2 Qe7 18. Rb2 Rbd8 19. Qb1 Nd7 20. Nxd7 Rxd7 21. d4 Bxb3 22.
Rxb3 Qe6 23. Nd2 exd4 24. Bxd4 c5 25. Be3 c4 26. Ra3 Ne5 27. f4 Nd3 28. f5 Qe7
29. Re2 d5 30. exd5 Qe5 31. Nf3 Qxd5 32. f6 gxf6 33. Bd4 f5 34. Raa2 Rg8 35.
Kf1 Rdd8 36. Re7 Bd6 37. Re3 Rde8 38. Rae2 Re4 39. Qa2 Nc1 40. Rxe4 fxe4 0-1